|
|
|
|
| LEADER |
00938pam a22002418a 4500 |
| 001 |
00046466 |
| 005 |
20210302090351.0 |
| 008 |
170511s1997 ||||||Viesd |
| 020 |
# |
# |
|c 41000
|
| 041 |
0 |
# |
|a Vie
|
| 082 |
1 |
4 |
|a 624.1
|b C101PH
|
| 100 |
1 |
# |
|a Lê, Quốc Hùng
|
| 245 |
1 |
0 |
|a Các phương pháp và thiết bị quan trắc môi trường nước
|c Lê Quốc Hùng
|
| 260 |
# |
# |
|a Hà Nội
|c 2006
|b Khoa học và Công nghệ Việt Nam
|
| 300 |
# |
# |
|a 251tr.
|c 27 cm
|
| 500 |
# |
# |
|a ĐTTS ghi: Bộ sách chuyên khảo ứng dụng và phát triển công nghệ cao
|
| 653 |
# |
# |
|a Mội trường nước
|
| 653 |
# |
# |
|a Phương pháp
|
| 653 |
# |
# |
|a Quan trắc
|
| 653 |
# |
# |
|a Ô nhiễm
|
| 852 |
# |
# |
|j KM.0035362
|j KM.0035365
|j KD.0027828
|j KM.0035356
|j KM.0035359
|
| 910 |
# |
# |
|d 02/03/2021
|
| 980 |
# |
# |
|a Trung tâm Học liệu Lê Vũ Hùng, Trường Đại học Đồng Tháp
|